| 000 | 03536nam a2200457 i 4500 | ||
|---|---|---|---|
| 001 | 27371 | ||
| 003 | ES-MaACL | ||
| 005 | 20260213172532.0 | ||
| 007 | t| | ||
| 008 | 030114q19461977sp a |||| | spa d | ||
| 245 | 0 | 0 |
_aArs Hispaniae _b: historia universal del arte hispánico. |
| 260 |
_aMadrid : _bPlus Ultra, _c[1946-1977] ( _fSociedad Alianza de Artes Gráficas) |
||
| 300 |
_a22 v. : _bil. ; _c29 cm. |
||
| 505 | 8 | _aContiene: V. I: Arte Prehistórico / por Martín Almagro. Colonizaciones púnica y griega. El arte ibérico. El arte de las tribus célticas / por Antonio García y Bellido. -- V. II: Arte romano / por Blas Taracena. Arte paleocristiano / por Pedro Batlle Huguet. Arte visigodo, arte asturiano / por Helmut Schlunk. -- V. III: El arte árabe español hasta los almohades. Arte mozárabe / por Manuel Gómez-Moreno. -- V. IV: Arte almohade, arte nazarí, arte mudéjar / por Leopoldo Torres Balbás. -- V. V: Arquitectura y escultura románicas / por José Gudiol Ricart y Juan Antonio Gaya Nuño. -- V. VI: Pintura e imaginería románicas / por Walter William Spenceer Cook y José Guiol Ricart. -- V. VII: Arquitectura gótica / por Leopoldo Torres Balbás. -- V: VIII: Escultura gótica / por Agustín Durán Sampere y Juan Ainaud de Lasarte. -- V. IX: Pintura gótica / por José Gudiol Ricart. -- V. X: Cerámica y vidrio / por Juan Ainaud de Lasarte. -- V. XI: Pintura del siglo XVI / por Fernando Chueca Goitia. -- V. XII: Pintura del Renacimiento / por Diego Angulo Iñiguez. -- V. XIII: Escultura del Siglo XVI / por J. M. Azcárate. -- V. XIV: Arquitectura de los Siglos XVII y XVIII / por George Kubler. -- V. XV: Pintura del siglo XVII / por Diego Angulo Iñiguez. -- V. XVI: Escultura del siglo XVII / por María Elena Gómez Moreno. -- V. XVII: Escultura y pintura del siglo XVIII...Francisco Goya / por F. J. Sánchez Cantón. -- V. XVIII: Miniatura / por Jesús Domínguez Bordona ; grabado y encuadernado por Juan Ainaud. -- V. XIX: Arte del siglo XIX / por Juan Antonio Gaya Nuño. -- V. XX: Artes decorativas en la España cristiana (Siglos XI-XIX) / por Santiago Lea. -- V. XXI: Arte en América y Filipinas / por Enrique Marco Dorta. -- V: XXII: Arte del siglo XX / por Juan Gaya Nuño | |
| 600 | 1 | 4 |
_aGoya, Francisco de, _d1746-1828 _9240353 |
| 650 | 0 | 4 |
_aArte español- _vHistoria. _910194 |
| 700 | 1 |
_aAlmagro Basch, Martín. _920073 |
|
| 700 | 1 |
_aGarcía y Bellido, Antonio. _955426 |
|
| 700 | 1 |
_aTaracena Aguirre, Blas. _9109258 |
|
| 700 | 1 |
_aBatlle Huguet, Pedro. _926446 |
|
| 700 | 1 |
_aSchlunk, Helmut. _9104439 |
|
| 700 | 1 |
_aGómez-Moreno, Manuel, _d1870-1970 _958066 |
|
| 700 | 1 |
_aAngulo Iñiguez, Diego. _921788 |
|
| 700 | 1 |
_aChueca Goitia, Fernando, _d1911-2004 _938688 |
|
| 700 | 1 |
_aTorres Balbás, Leopoldo. _9110926 |
|
| 700 | 1 |
_aGudiol, José ( _d1904-1985) _960392 |
|
| 700 | 0 |
_aGaya Nuño, Juan Antonio, _d1913-1976 _956130 |
|
| 700 | 1 |
_aSpencer Cook, Walter William. _9107687 |
|
| 700 | 1 |
_aDurán i Sanpere, Agustí, _d1887-1975 _946223 |
|
| 700 | 1 |
_aAinaud de Lasarte, Joan, _d1919-1995 _918980 |
|
| 700 | 1 |
_aAzcárate Ristori, José María de. _924256 |
|
| 700 | 1 |
_aGómez Moreno, María Elena. _9183418 |
|
| 700 | 1 |
_aSánchez Cantón, Francisco Javier, _d1891-1971 _9102521 |
|
| 700 | 1 |
_aDomínguez Bordona, Jesús, _d1889-1963 _945195 |
|
| 700 | 1 |
_aLea, Santiago. _970944 |
|
| 700 | 1 |
_aMarco Dorta, Enrique, _d1911-1980 _976479 |
|
| 700 | 1 |
_aKubler, George. _968940 |
|
| 852 |
_aES-MaACL _jL-8091-8112 |
||
| 942 | _2udc | ||
| 999 |
_c27371 _d27371 |
||